| 000 | 00959cam a2200229 4500 | ||
|---|---|---|---|
| 001 | ABS65261 | ||
| 008 | 020327n2002 000 0 eng u | ||
| 035 | _a(Sirsi) u117266 | ||
| 100 | _aTinworth, A. | ||
| 245 | 2 | _aA large cabinet that will never fall over | |
| 260 | _c2002 | ||
| 490 |
_aEstates Gazette _v(0211) 16 March 2002, 138-139(2) |
||
| 520 | _aInvestigates a deal involving multiple parties, external finance, a new limited company and US involvement which was completed using a virtual room - an eRoom - to store, sort and restrict access to the vast range of electronic documents. DJ Freeman, who was acting for the buyers are firm advocates of the practicalities of using the virtual room. | ||
| 590 | _aABS | ||
| 650 | _aE-COMMERCE | ||
| 650 | _aPROPERTY DEALS | ||
| 650 | _aVIRTUAL ROOM | ||
| 650 | _aONLINE STORAGE | ||
| 650 | _aDOCUMENT STORAGE | ||
| 690 | _aMANAGEMENT-BUSINESS MANAGEMENT-INFORMATION MANAGEMENT | ||
| 942 | _n0 | ||
| 999 |
_c69857 _d69857 |
||